Регионална библиотека "Любен Каравелов" - Русе

Казанлък (Запис номер 375747)

MARC детайли
000 -Лидер
Контролно поле с фиксирана дължина nkm a22 7a 4500
003 - Код на организацията, давaща контролен номер
Контролно поле BLK
005 - Дата и час на последна редакция
Контролно поле 20200717145501.0
008 - Елементи от данни с фиксирана дължина
fixed length control field 200717b bu ||||| |||| 00| 0 bu d
040 ## - Източник на каталожния запис
Идентификатор на билиотеката - собственик на записа BLK
041 ## - Код за език
Код за езика на текст/звукозапис или на отделно заглавие Български
Код за езика КДБФ Български
080 ## - УДК
Текстов определител УДК Краезнание
УДК код - определител по УДК 908
УДК определител (497.23-21)(084.12)
УДК - код + определител 908(497.23-21)(084.12)
139 ## - Редно поле
Редна дума Казанлък
245 ## - Сведения за заглавието
Заглавие Казанлък
Подзаглавни данни [Изобразителен материал] : [комплект снимки]
Редно поле (дума) авт. на текста Георги Кирилов ; ред. Моньо Петков ; худож. Борислав Кожухаров
260 ## - Област на издателските данни
9 (RLIN) 210539
Място на издаване, разпространение и проч. София
Име на издателя, разпространителя и проч. Септември
Година на издаване 1978
Издателство - префикс ISBN 954-406-
300 ## - Физическа характеристика
Страници папка 8 с. текст
Илюстрации и др. 15 отд. цв. л. снимки
Размери/Мащаб 15 х 18 см
380 ## - Жанр
Жанр История
500 ## - Общи забележки
Забележка Парал. текст на рус. и нем. ез.
700 ## - Други автори (авторска отговорност)
9 (RLIN) 403
Лично име Кирилов, Георги Кирилов
Автороска отговорност (Описва отношението между автора и произведението) авт. на текста
700 ## - Други автори (авторска отговорност)
9 (RLIN) 351271
Лично име Петков, Моньо
Автороска отговорност (Описва отношението между автора и произведението) ред.
700 ## - Други автори (авторска отговорност)
9 (RLIN) 1637
Лично име Кожухаров, Борислав
Автороска отговорност (Описва отношението между автора и произведението) худож.
852 ## - Местоположение
Форматна сигнатура Цб І 38750
Фондова буква Хранилище
999 ## - СИСТЕМНИ КОНТРОЛНИ НОМЕРА
Koha biblionumber 375747
Koha biblioitemnumber 375747
942 ## - АРТИКУЛИ
Вид на библиотечния материал Графични издания
Скрит в OPAC Не
Периодичен библиозапис Да
944 ## - СЪЗДАВАНЕ И РЕДАКЦИЯ на ЗАПИСА
Създаване/Редакция Създаване
Дата на регистрацията/редакция 2020-07-17
Служител, извършил регистрацията/редакцията Вася
Наличности
Код за отписване Код за изгубен артикул Източник на класификационната схема Код за повреда Коз за рестрикции Код за отдаване Артикулен № Име на библиотеката - собственик Име на библиотеката, в която се намира в момента Статус (Текущо местоположение) Дата на вписване в системата Местоположение - отдел Цена в лева Инвентарен номер Систематично азбучна сигнатура Баркод Цена в евро Служебен тип на артикула
  Не е изгубен Universal Decimal Classification Не е повреден без рестрикции ползва се в читалня 784889 Регионална библиотека "Любен Каравелов" Русе Регионална библиотека "Любен Каравелов" Русе Хранилище 2020-07-21 Хранилище 2.70 254032 Цб І 38750 120000254032 1.38 Графични издания
Vip Innovations Ltd, Rousse, Bulgaria 2025